| 000 | 01232nam a22003017a 4500 | ||
|---|---|---|---|
| 003 | OSt | ||
| 005 | 20201128024149.0 | ||
| 008 | 170709s2015 ua grb 000 0 ara d | ||
| 017 | _a2009 / 17024 | ||
| 020 | _a9789770926796 | ||
| 040 |
_aEG-ScBUE _bara _cEG-ScBUE |
||
| 041 | 1 |
_aara _keng _hbos |
|
| 082 | 0 | 4 |
_222 _a297.29 _bب ي ج |
| 100 | 1 |
_aبيجوفيتش، علي عزت. _d1925-2003. _925149 |
|
| 245 | 1 | 2 |
_aالإسلام بين الشرق والغرب / _cعلي عزت بيجوفيتش ؛ تقديم عبد الوهاب المسيري ؛ [ترجمة محمد يوسف عدس] |
| 250 | _aط. 6. | ||
| 260 |
_aالقاهرة : _bدار الشروق، _c2015. |
||
| 300 |
_a379 ص. ؛ _c27 سم. |
||
| 504 | _aيشتمل على إرجاعات ببليوجرافية. | ||
| 546 | _a: النص باللغة العربية ؛ مترجم من اللغة الإنجليزية الذي صدر في الأصل باللغة البوسنية. | ||
| 590 | _aسارة | ||
| 650 | 7 |
_2BUEsh _aالإسلام _vنظريات. _91817 |
|
| 651 | _2BUEsh | ||
| 653 |
_bGGEN _cJuly2017 |
||
| 700 | 1 |
_aالمسيري، عبد الوهاب، _eمقدم. _928146 |
|
| 700 | 1 |
_aعدس، محمد يوسف، _eمترجم. |
|
| 942 | _2ddc | ||
| 999 |
_c24999 _d24971 |
||